00594 2200217 4500001002100000005001700021008004100038020001800079035002500097040001200122082001500134084001800149245005500167260003300222300003100255440001800286650002500304700001700329850001200346990001800358INLIS00000000000709920150806084055.0  a979-3391-37-5 a0010-061500000001220 aYOPDYOG 223a297.03 aKR 297.03 Ens aENSIKLOPEDI bocah muslim 5c/ Editor, Irfan Amalee aBandungbPelangi Mizanc2013 a48 hlm.b: ilus.c; 28 cm. aTokoh idolaku aIslam -- Ensiklopedi aIRFAN Amalee aYOPDYOG a18154-PD/B.15